| 000 | 02873cam a2200265 4500500 | ||
|---|---|---|---|
| 005 | 20260329021437.0 | ||
| 041 | _afre | ||
| 042 | _adc | ||
| 100 | 1 | 0 |
_ade Rosemont, Sophie _eauthor |
| 245 | 0 | 0 | _a« Les gardiens, depuis toujours, ils s’adaptent aux conditions climatiques » : adaptation ou évolution professionnelle, les gardiens de refuge de montagne face au changement climatique |
| 260 | _c2026. | ||
| 500 | _a32 | ||
| 520 | _aL’activité de gardien de refuge de montagne est directement impactée par les effets du changement climatique : pénurie d’eau, destruction partielle ou totale des sentiers d’accès, événements climatiques extrêmes… De même, les besoins émergents des usagers créent de nouvelles tensions pour l’équipe de travail. Néanmoins, les stratégies d’adaptation socio-environnementale ne constituent qu’une partie des explications des évolutions des pratiques du métier. La complexification et la multiplication des tâches de travail sont issues de différents facteurs externes au groupe professionnel, mais également à des dynamiques internes. Ainsi, la structuration de l’activité en métier et l’évolution des profils des gardiens sont à l’origine de l’émergence de nouvelles pratiques et d’une nouvelle organisation du travail. | ||
| 520 | _aThe mountain hut keeper’s job is directly affected by the effects of climate change: water shortages, partial or total destruction of access paths, extreme weather events, etc. However, socio-environmental adaptation strategies are only part of the explanation for changes in working practices. The increasing complexity and multiplication of work tasks is due to various factors external to this professional group. Social and technical evolution in mountain sports (hiking, mountaineering) are generating new demands from users. These emerging needs of users are creating new tensions for the work team. But internal factors also play a major role in the evolution of the profession. In this paper, I will show how climate change is not only a constraint that forces changes in practices. It is also a driver of new ways of approaching the profession, linked to a system of social and ecological values. Thus, the structuring of the activity as a profession and evolution in the profiles of hut keepers are at the root of the emergence of new work practices and organisation. | ||
| 690 | _achangement climatique | ||
| 690 | _agardien de refuge | ||
| 690 | _aprofessionnalisation | ||
| 690 | _atravail | ||
| 690 | _aglobal warming | ||
| 690 | _amountain hut keeper | ||
| 690 | _aprofessionalisation | ||
| 690 | _awork | ||
| 786 | 0 | _nNatures Sciences Sociétés | 33 | 3 | 2026-03-03 | p. 260-270 | 1240-1307 | |
| 856 | 4 | 1 | _uhttps://stm.cairn.info/revue-natures-sciences-societes-2025-3-page-260?lang=fr&redirect-ssocas=7080 |
| 999 |
_c1912605 _d1912605 |
||